| 000 | 00796nam a2200229Ia 4500 | ||
|---|---|---|---|
| 003 | OSt | ||
| 005 | 20251205093805.0 | ||
| 008 | 210716s2015 xx 000 0 und d | ||
| 020 | _a9789332540354 | ||
| 040 | _cAIMIT LIBRARY | ||
| 041 | _aeng | ||
| 082 |
_a006.337 _21 _bSZTL |
||
| 100 |
_aSztandera, Les. _9247741 |
||
| 245 |
_aComputational intelligence in business analytics : _bconcepts methods and tools for big data applications / _cBy Les Sztandera. |
||
| 250 | _a1st ed. | ||
| 260 |
_aNew Delhi : _bPearson Education , _c2015. |
||
| 300 |
_axi,138p. ; _bPB _c23.2 cm |
||
| 650 |
_aComputational intelligence foundations _9247742 |
||
| 650 |
_aComputational intelligence at work _9247743 |
||
| 650 |
_aFuture of computational intelligence _9247744 |
||
| 942 |
_2ddc _cBK _e1st _k006.337 SZTL |
||
| 999 |
_c196321 _d196321 |
||